000 00450nam a2200193Ia 4500
003 OSt
005 20230327091907.0
008 210423s2006 xx 000 0 und d
040 _cAL
041 _aeng
082 _a822.08 TENV
100 _aTENDULKAR (Vijay).
_978032
245 _aFive plays.
260 _aNew Delhi
_bOxford University Press
_c2006
300 _axi,221
_bPB
365 _cINR
906 _aFive ; plays.
942 _2ddc
_cBK
999 _c156013
_d156013